[Event "Portugal Open 2019"]
[Site "Lisbon"]
[Date "2019.02.05"]
[Round "5.30"]
[White "Silva, Goncalo Nuno Neto P"]
[Black "Shailesh, Dravid"]
[Result "0-1"]
[WhiteElo "2027"]
[BlackElo "2324"]
[Annotator "NA RC"]
[PlyCount "82"]
[EventDate "2019.01.25"]
[EventType "swiss"]
[EventCountry "POR"]
[SourceTitle "playchess.com"]
[Source "ChessBase"]
[SourceQuality "1"]
[TimeControl "5400+30"]

{[%evp 8,74,17,31,42,20,32767,32767,32767,52,32767,32767,32767,32767,32767,15,30,32767,0,-4,0,0,16,5,5,-4,-13,-15,-4,32767,0,-111,32767,-135,-107,-193,-58,32767,32767,32767,-121,-135,-125,-143,-169,-260,-310,-302,-296,-366,-327,32767,-343,32767,32767,-352,-296,32767,32767,-450,-523,32767,-556,-474,32767,32767,32767,-569,-629]} 1. e4 {[%emt 0:00:00]} c5 {[%emt 0:00:00]} 2. Nf3 {[%emt 0:00:00]} d6 {[%emt 0:00:00]} 3. Bb5+ {[%emt 0:00:00]} Nd7 {[%emt 0:00:03]} 4. O-O {[%emt 0:00:00]} Ngf6 {[%emt 0:00:11]} 5. Re1 {[%emt 0:00:00]} a6 {[%emt 0:00:41] B51: Sicilian: Moscow Variation (3 Bb5+) without 3...Bd7} 6. Bd3 {[%emt 0:00:01]} b5 {[%emt 0:01:47]} (6... e6 7. a4 b6 8. b3 Bb7 9. Bb2 Be7 10. Na3 O-O 11. e5 Ne8 12. Nc4 d5 {½-½ (31) Amin,B (2709)-Saric,I (2692) Zagreb 2018}) 7. c4 {[%emt 0:00:01]} b4 {[%emt 0:00:16]} 8. Bc2 {[%emt 0:07:48] LiveBook: 5 Games} e5 {[%emt 0:01:09]} 9. d3 $146 {[%emt 0:00:58]} ({Predecessor:} 9. a3 bxa3 10. Rxa3 Be7 11. d3 O-O 12. Bd2 Qb6 {1-0 (44) Lagno,K (2543)-Ushenina,A (2501) Khanty-Mansiysk 2014}) 9... Rb8 {[%emt 0:02:29]} 10. Nbd2 {[%emt 0:00:43]} g6 {[%emt 0:01:55]} 11. Nf1 {[%emt 0:01:30]} Bg7 {[%emt 0:01:13]} 12. Ng3 {[%emt 0:01:21]} O-O {[%emt 0:07:01]} 13. Bg5 {[%emt 0:06:15]} h6 {[%emt 0:00:15]} 14. Bd2 {[%emt 0:00:02]} Nh7 {[%emt 0:10:47]} 15. Qc1 {[%emt 0:02:21]} h5 {[%emt 0:00:06]} 16. a3 {[%emt 0:01:57]} h4 {[%emt 0:02:48]} 17. Nf1 {[%emt 0:00:08]} h3 {[%emt 0:04:57]} 18. g3 {[%emt 0:08:09]} f5 {[%emt 0:01:00]} 19. Bd1 {[%emt 0:16:53]} (19. Nh4 $11 {keeps the balance.}) 19... f4 {[%emt 0:03:24]} 20. axb4 {[%emt 0:06:17]} cxb4 {[%emt 0:01:54]} 21. gxf4 {[%emt 0:12:01] [#]} (21. c5 $17 Nxc5 22. d4 exd4 23. Bxf4) 21... exf4 {[%emt 0:00:30]} ({Better is} 21... Nc5 $1 $17 {[%cal Rc5d3]} 22. d4 Nd3) 22. Bxf4 {[%emt 0:00:53]} Nc5 {[%emt 0:00:14]} 23. Qd2 {[%emt 0:00:36] [#]} Bxb2 $1 {[%emt 0:06:07]} 24. Qxb2 {[%emt 0:01:56]} Nxd3 {[%emt 0:00:57]} 25. Qd2 {[%emt 0:01:44]} Nxf4 {[%emt 0:00:10]} 26. c5 {[%emt 0:01:06]} (26. e5 {was worth a try.} Ng2 27. Re4 (27. Qd5+ $2 Kh8 $19) 27... dxe5 28. Qxd8 Rxd8 29. N3d2) 26... dxc5 {[%emt 0:03:39]} 27. Bb3+ {[%emt 0:00:52]} Kg7 {[%emt 0:01:29]} 28. Qb2+ {[%emt 0:02:25]} Qf6 {[%emt 0:00:39]} 29. e5 {[%emt 0:02:22]} Ne2+ {[%emt 0:01:05]} 30. Qxe2 {[%emt 0:03:33]} Qxf3 {[%emt 0:00:05]} 31. Qxf3 {[%emt 0:00:29]} Rxf3 {[%emt 0:00:06]} 32. Ne3 {[%emt 0:03:59]} Ng5 {[%emt 0:00:22]} 33. Rac1 {[%emt 0:03:50]} Rf8 {[%emt 0:01:13]} 34. Red1 {[%emt 0:05:26]} Nf3+ {[%emt 0:00:59]} 35. Kh1 {[%emt 0:00:02]} Nxe5 {[%emt 0:01:12]} 36. Rxc5 {[%emt 0:00:28]} Bb7+ {[%emt 0:00:29]} 37. Kg1 {[%emt 0:02:10]} Nf3+ $19 {[%emt 0:00:13]} 38. Kf1 {[%emt 0:00:19]} Nxh2+ {[%emt 0:00:10]} 39. Ke1 {[%emt 0:00:01]} Nf3+ {[%emt 0:00:33]} 40. Ke2 {[%emt 0:00:03]} h2 {[%emt 0:01:27]} 41. Rd7+ {[%emt 0:07:16]} Kh8 {[%emt 0:00:14]} 0-1

[Event "Portugal Open 2019"]
[Site "Lisbon"]
[Date "2019.02.05"]
[Round "5.31"]
[White "Hill, Alistair"]
[Black "Galego, Luis"]
[Result "0-1"]
[WhiteElo "2152"]
[BlackElo "2508"]
[Annotator "TA"]
[PlyCount "40"]
[EventDate "2019.01.25"]
[EventType "swiss"]
[EventCountry "POR"]
[SourceTitle "playchess.com"]
[Source "ChessBase"]
[SourceQuality "1"]

{[%evp 11,40,58,55,17,39,15,15,-13,26,28,16,17,29,17,35,9,10,0,33,-24,-20,-27,0,-9,-14,-104,-104,-200,-182,-538,-527]} 1. e4 d5 2. exd5 Qxd5 3. Nc3 Qd6 4. d4 Nf6 5. Nf3 a6 6. g3 Bg4 7. Bg2 {B01: Scandinavian Defence} Nc6 (7... c6 8. O-O e6 9. h3 Bxf3 10. Bxf3 Be7 11. b3 O-O 12. Bb2 Nbd7 13. Ne2 Rad8 14. Re1 Rfe8 {0-1 (64) Hou,Y (2663)-Megaranto,S (2535) Almaty 2016}) 8. d5 Ne5 9. Bf4 {The position is equal.} (9. O-O {with more complications.} Nxf3+ 10. Bxf3 h5 11. Bf4 Qb6 12. Rc1) 9... Bxf3 (9... Nxf3+ {is interesting.} 10. Bxf3 e5 11. Bg5 Bh3 12. Qd3 h6) 10. Bxf3 Nxf3+ 11. Qxf3 e5 12. Be3 $146 ({Predecessor:} 12. Bg5 h6 13. Bxf6 Qxf6 14. Qxf6 gxf6 {1-0 (72) Burg,T (2492)-Bitensky,I (2400) Wijk aan Zee 2013}) 12... Qb4 13. O-O-O Qg4 $1 {[%cal Rg4f3]} 14. Qg2 O-O-O 15. f4 (15. f3 $14 Qc4 16. Rd3) 15... Bd6 $36 {[%cal Re5f4][%mdl 2048] Black is more active.} 16. Rhf1 h5 17. h3 Qd7 18. f5 (18. a3 $11 {keeps the balance.}) 18... Bb4 $17 {And now ...Bxc3 would win.} 19. d6 (19. Ne4 $17) 19... Bxc3 $1 $19 ({Not} 19... cxd6 20. Nd5 $15) ({Weaker is} 19... Bxd6 20. Bg5 $15) 20. dxc7 $2 {[#]} (20. bxc3 {was the crucial defense.} Qa4 21. d7+ Rxd7 22. Rxd7 Qxd7 23. Bg5) 20... Qxc7 {Accuracy: White =  8%, Black = 63%.} 0-1

[Event "Portugal Open 2019"]
[Site "Lisbon"]
[Date "2019.02.05"]
[Round "5.32"]
[White "Haug, Johannes"]
[Black "Perez Garcia, Roberto"]
[Result "1/2-1/2"]
[WhiteElo "2403"]
[BlackElo "2141"]
[Annotator "TA"]
[PlyCount "99"]
[EventDate "2019.01.25"]
[EventType "swiss"]
[EventCountry "POR"]
[SourceTitle "playchess.com"]
[Source "ChessBase"]
[SourceQuality "1"]

{[%evp 12,99,37,34,33,36,31,0,0,-23,-9,-15,-22,-16,0,0,0,0,0,-4,116,116,114,111,113,118,142,135,129,142,142,104,132,18,41,18,36,-18,44,0,38,47,84,20,88,82,108,98,97,68,50,0,0,0,0,0,123,130,108,0,0,0,0,-93,1070,1070,1063,1047,1033,864,29993,29994,29994,29990,29990,29991,29990,29991,29991,29989,29991,29991,29991,29989,29991,29992,29992,3025,29989,29990]} 1. d4 d5 2. c4 c6 3. cxd5 cxd5 4. Nc3 Nf6 5. f3 (5. Bf4 Nc6 6. Nf3 a6 7. Rc1 Nh5 8. Bd2 Nf6 9. Bf4 Nh5 10. Bd2 Nf6 11. Bf4 {½-½ (11) So,W (2778)-Aronian,L (2764) Paris 2018}) 5... Nc6 6. e4 {D10: Slav Defence: 3 cxd5 (without early Nf3) and 3 Nc3} e6 7. e5 {LiveBook: 6 Games} Ng8 {[%cal Bf6g8,Bg8h6,Bh6f5][%mdl 32]} 8. f4 {White is slightly better.} Nh6 9. Nf3 Nf5 10. a3 a6 $146 ({Predecessor:} 10... Qb6 11. Ne2 Na5 {½-½ (44) Serrano Aspa,P (2034)-Romero Funieles,R (1712) Hospitalet 2013}) 11. b4 {[%cal Bb2b4,Bb4b5][%mdl 32]} Bd7 12. Qd2 Rc8 13. Bb2 Be7 14. Qf2 O-O 15. Bd3 a5 (15... Nh4 $11) 16. b5 $1 $16 {[%cal Rb5c6]} Na7 17. a4 {Hoping for Bxf5.} Bb4 18. Rc1 f6 19. O-O fxe5 20. Nxe5 Be8 21. Bb1 Qe7 22. Nd1 ({White should play} 22. g4 $16 Nd6 23. Bd3 (23. Qc2 Ne4 $11)) 22... Rxc1 $11 23. Bxc1 Nc8 $1 24. Qc2 (24. Nb2 $14) 24... g6 (24... Bg6 $1 $11) 25. Bb2 (25. g4 $5 {[%cal Rg4f5]} Nxd4 26. Qd3 $11 (26. Qxc8 $2 Bxb5 27. Qxf8+ Qxf8 $19)) 25... Ncd6 26. Qe2 Bf7 27. Nf2 ({White should try} 27. g4 $16 Nh4 28. Ne3) 27... Rc8 (27... Nc4 $1 $11 {remains equal.}) 28. Bd3 Bc3 29. Bxc3 Rxc3 30. Qd2 Qc7 31. Bb1 Ra3 32. Rc1 Qb6 33. Bxf5 $1 Nxf5 (33... exf5 $11 {keeps the balance.} 34. Qc2 Qxd4) 34. Rc8+ $16 Kg7 {[#]} 35. Qc1 ({White must play} 35. g4 $1 $16 {[%cal Rg4f5]} Qxd4 36. Qxd4 Nxd4 37. Nfd3) 35... Rxa4 $11 36. Rc7 $36 {[%mdl 2048] White fights for an advantage.} Nd6 {Threatens to win with ...Rc4!} 37. g3 (37. Nd7 $11 Qxb5 38. Qe1) 37... Qxd4 $2 {[%mdl 8192] [#]} (37... Rc4 $17 38. Rxf7+ Nxf7 39. Nxc4 Qc7) 38. Rxf7+ $1 $18 {[%mdl 512]} Nxf7 39. Qc7 $1 {[%csl LRb7,LRf7]} Ra1+ 40. Kg2 Qb4 41. Qxf7+ Kh8 42. Qf6+ Kg8 43. Qxe6+ Kg7 44. Qd7+ Kg8 45. Qxd5+ Kg7 46. Qxb7+ Kg8 47. Qd5+ Kg7 48. Qf7+ Kh8 49. Qf6+ Kg8 50. Nc6 {[%mdl 32768] Precision: White = 50%, Black = 44%. . An unexpected result.} 1/2-1/2

[Event "Portugal Open 2019"]
[Site "Lisbon"]
[Date "2019.02.05"]
[Round "5.33"]
[White "Pastar, Slaven"]
[Black "Dias, Ricardo Pedro Cruz"]
[Result "1/2-1/2"]
[WhiteElo "2330"]
[BlackElo "2128"]
[Annotator "TA"]
[PlyCount "126"]
[EventDate "2019.01.25"]
[EventType "swiss"]
[EventCountry "POR"]
[SourceTitle "playchess.com"]
[Source "ChessBase"]
[SourceQuality "1"]

{[%evp 14,126,33,14,14,0,0,0,0,0,1,0,18,0,0,-10,-22,-24,-3,-54,-51,-37,-25,-39,-30,-30,-30,-43,-15,-45,-44,-69,-67,-76,-65,-71,-45,-45,-45,-45,-45,-45,-45,-45,-40,-45,-10,-40,-35,-45,-20,-23,-25,-45,-45,-45,-45,-105,-52,-47,-54,-58,-58,-97,0,0,0,-7,0,0,0,0,0,0,0,0,0,0,2,0,0,0,0,0,0,0,0,0,0,0,0,0,0,0,0,0,0,0,0,0,0,0,0,8,8,7,29971,29971,29964,0,0,0,0,0,0]} 1. d4 $146 (1. Nf3 Nf6 2. c4 g6 3. Nc3 d5 4. cxd5 Nxd5 5. Qb3 Nb6 {½-½ (22) Nyback,T (2575)-Turov,M (2610) Finland 2018}) ({Predecessor:} 1. Nf3 Nf6 2. c4 g6 3. Nc3 d5 4. cxd5 Nxd5 5. Qb3 Nb6 {1-0 (48) Bogner,S (2467)-Van Nies,P (2158) Enschede 2008}) 1... Nf6 2. c4 g6 3. Nc3 d5 4. cxd5 Nxd5 5. Qb3 Nb6 6. Nf3 Bg7 7. Bf4 O-O 8. e3 Be6 {D90: Grünfeld: 4 Nf3 Bg7 sidelines} 9. Qc2 (9. Qa3 Nc6 10. Be2 a5 11. Qc5 Nd7 12. Qg5 Nb4 13. O-O h6 14. Qg3 c6 15. a3 Nd5 16. Nxd5 Bxd5 17. Bc7 Qc8 18. Nd2 e5 19. Bxe5 Nxe5 20. dxe5 Qf5 21. f4 Qc2 22. Qe1 Qxb2 {½-½ (22) Nyback,T (2575)-Turov,M (2610) Finland 2018}) 9... c5 10. dxc5 N6d7 11. Be2 Nxc5 12. O-O Nba6 {[%cal Bb8a6,Ba6b4,Bb4d5,Bd5c3][%mdl 32]} 13. Rfd1 Qb6 ({Predecessor:} 13... Qa5 14. Nd4 Rac8 15. Bf3 Bc4 16. Bg3 {1-0 (48) Bogner,S (2467)-Van Nies,P (2158) Enschede 2008}) 14. Nd4 Nb4 15. Qb1 Nd5 16. Nxe6 (16. Bg5 $11) 16... Nxc3 $15 17. bxc3 Nxe6 18. Qe4 Nxf4 19. exf4 Qc7 20. Bf3 Rad8 21. Rab1 b6 22. f5 Bxc3 23. fxg6 hxg6 24. h4 Rxd1+ (24... Qe5 {seems wilder.} 25. g3 Qxe4 26. Bxe4 Bd4 27. Kg2 Kg7) 25. Rxd1 Rd8 26. Rxd8+ Qxd8 27. h5 gxh5 28. Bxh5 Bf6 29. Qa4 Qb8 (29... Qd5 $5 {[%cal Rd5h5]} 30. Be2 Kg7 $15) 30. g3 Kf8 31. Kg2 b5 32. Qb3 {[%csl Gh5][%cal Rb3f7]} e6 33. Bf3 b4 34. Qe3 Qc7 35. g4 (35. Qh6+ $15 Ke7 36. Qe3) 35... Qe7 (35... Kg7 $17 36. Be4 Qa5) 36. Qh6+ Bg7 37. Qh5 Qc7 38. Qb5 Bd4 (38... a5 $17 39. Qg5 Qb6) 39. Qxb4+ $11 {[%mdl 64] [#] Double Attack} Qc5 40. Qd2 a5 41. Qh6+ Ke7 42. g5 Bxf2 (42... Qc2 $5 43. Qh4 $8 Qd2 $11) 43. Qf6+ Kd6 44. Qd8+ Ke5 45. Qf6+ Kd6 46. Qf4+ Ke7 47. Bh5 Bd4 48. Qxf7+ Kd6 49. Qf8+ Ke5 50. Qf6+ Kd6 51. Qf4+ Ke7 52. Qf7+ Kd6 53. Qf8+ Ke5 54. Qb8+ Kf5 55. Qg3 Qd5+ 56. Bf3 Qxa2+ 57. Kh3 {aiming for Qg4+.} e5 58. Qg4+ Kg6 59. Qh5+ Kg7 $2 {[%mdl 8192] [#]} (59... Kf5 $11) 60. Qh6+ Kg8 61. g6 $2 (61. Qd6 {mates} Qb3 62. Kg4 Kg7 63. Qf6+ Kg8 64. g6 e4 65. Qd8+ {[%mdl 64] Double Attack} (65. Qxd4 Qxf3+ 66. Kg5 Qg3+ 67. Kf5 Qf3+ 68. Kg5 Qg3+ 69. Kf5 Qf3+ 70. Kg5 $11) 65... Kg7 66. Qxd4+ Kh6 67. Bxe4 Qe6+ 68. Kg3) 61... Qe6+ {The position is equal.} 62. Bg4 {[%cal Rg4e6]} Qf6 {And now ...Qf1+ would win.} 63. Qh7+ Kf8 {Accuracy: White = 46%, Black = 62%.} 1/2-1/2

[Event "Portugal Open 2019"]
[Site "Lisbon"]
[Date "2019.02.05"]
[Round "5.34"]
[White "Gu, Xiaobing"]
[Black "Bruaset, Eivind"]
[Result "1/2-1/2"]
[WhiteElo "2326"]
[BlackElo "2124"]
[Annotator "TA"]
[PlyCount "58"]
[EventDate "2019.01.25"]
[EventType "swiss"]
[EventCountry "POR"]
[SourceTitle "playchess.com"]
[Source "ChessBase"]
[SourceQuality "1"]

{[%evp 13,58,-16,0,-9,16,25,22,-12,19,19,12,19,3,0,0,4,21,-16,10,-10,15,12,21,29,84,79,91,92,72,-2,-7,-40,-31,-38,-39,-47,-33,-76,-75,-75,-75,-75,-85,-134,-83,-82,-70]} 1. e4 e6 2. d3 (2. g3 c5 {½-½ (47) Bogdan,D (2365)-Balog,I (2534) Arad 2013}) 2... c5 3. g3 Nc6 4. Bg2 g6 5. Ne2 Bg7 6. O-O (6. c3 Nge7 {½-½ (47) Bogdan,D (2365)-Balog,I (2534) Arad 2013}) 6... Nge7 7. c3 O-O 8. Bg5 {B20: Sicilian: Unusual White 2nd moves} (8. a4 d5 9. Na3 d4 10. Nc4 e5 11. cxd4 exd4 12. Nf4 Ne5 13. Nxe5 Bxe5 14. Qc2 b6 15. a5 Bd7 {½-½ (47) Bogdan,D (2365)-Balog,I (2534) Arad 2013}) 8... h6 9. Be3 d6 $146 ({Predecessor:} 9... b6 10. Qd2 Kh7 11. d4 cxd4 12. cxd4 d5 13. e5 Ba6 14. Nbc3 Rc8 15. Rac1 Qd7 16. h4 Rc7 17. Bh3 Rfc8 18. Rfd1 Na5 {½-½ (18) Augustin,J-Lechtynsky,J Luhacovice 1968}) 10. Nd2 {The position is equal.} b5 11. d4 cxd4 12. Nxd4 Nxd4 13. cxd4 Bb7 14. a4 Qd7 15. Qb3 a6 16. Rfd1 Rfc8 17. axb5 Qxb5 18. Qa3 Nc6 (18... Qd7 $11 {remains equal.}) 19. Bf1 $16 Qb4 {Black wants to play ...Qxa3.} 20. Nc4 $1 {And now d5 would win.} Rd8 21. f3 ({White should play} 21. d5 $16 exd5 22. exd5 (22. Rxd5 Qxa3 23. Rxa3 Ne5 $11) 22... Qxa3 23. Rxa3) 21... d5 $11 22. exd5 Rxd5 23. Qxb4 Nxb4 24. Nb6 Nc2 {[%mdl 64] Double Attack} 25. Nxd5 Bxd5 26. Kf2 Nxa1 27. Rxa1 Rb8 28. Bxa6 {[#]} Rxb2+ (28... Ra8 $142 $1 29. Ke1 {[#]} Bb7 $1 {[%mdl 512]} 30. Bxb7 Rxa1+ 31. Kd2 Ra2) 29. Be2 $17 Bc4 {Accuracy: White = 42%, Black = 39%.} 1/2-1/2

[Event "Portugal Open 2019"]
[Site "Lisbon"]
[Date "2019.02.05"]
[Round "5.35"]
[White "Fus, Jakub"]
[Black "Pirola, Claudionor Alcides "]
[Result "1-0"]
[WhiteElo "2326"]
[BlackElo "2113"]
[Annotator "TA"]
[PlyCount "59"]
[EventDate "2019.01.25"]
[EventType "swiss"]
[EventCountry "POR"]
[SourceTitle "playchess.com"]
[Source "ChessBase"]
[SourceQuality "1"]

{[%evp 11,59,20,30,30,25,16,29,16,28,16,54,47,43,33,76,40,46,8,80,75,69,73,137,117,327,221,261,233,265,194,338,255,280,281,284,283,314,312,322,323,332,336,302,312,313,319,340,329,409,370]} 1. e4 c6 2. d4 d5 3. e5 Bf5 4. Nf3 e6 5. Be2 h6 $146 (5... Ne7 6. O-O {0-1 (60) Vachier Lagrave,M (2779)-Nakamura,H (2777) chess.com INT 2018}) ({Predecessor:} 5... Ne7 6. O-O Nd7 7. Nbd2 {0-1 (39) Zhigalko,S (2675)-Shabalov,A (2511) Dubai 2015}) 6. O-O Ne7 7. Nbd2 {B12: Caro-Kann: Advance Variation} Nd7 8. Nb3 (8. c3 g5 9. Ne1 c5 10. Nc2 Nc6 11. Nb3 c4 12. Nd2 Bg6 13. Bh5 Bd3 14. Re1 Bg7 {0-1 (60) Vachier Lagrave,M (2779)-Nakamura,H (2777) chess.com INT 2018}) 8... Qc7 9. c3 {White has an edge.} O-O-O 10. a4 f6 {[%cal Rf6e5]} ({Predecessor:} 10... g5 11. a5 Kb8 12. a6 b6 13. Bd2 f6 14. exf6 Ng6 15. c4 {0-1 (39) Zhigalko,S (2675)-Shabalov,A (2511) Dubai 2015}) 11. exf6 gxf6 12. Nh4 Rg8 13. Nxf5 Nxf5 14. c4 Nb6 {[#]} (14... Bd6 $11 {remains equal.} 15. f4 dxc4 16. Bxc4 Nf8) 15. c5 $1 $16 {[%cal Rc5b6]} Qg7 {[%csl Gg8][%cal Rg7g2]} 16. g3 $1 Nd7 (16... Nc4 $142) 17. Bd3 Ne7 $2 (17... Nh4 $16 18. a5 a6) 18. Na5 Nb8 19. b4 {[%cal Bb2b4,Bb4b5][%mdl 32]} f5 20. Be3 Ng6 (20... f4 {was called for.}) 21. f4 Be7 22. b5 Bf6 23. Be2 Ne7 24. Rb1 h5 25. Bxh5 Rd7 26. Rf2 Rh8 27. Bf3 Rh7 28. Rfb2 Kd8 29. bxc6 Nexc6 30. Nxb7+ {Accuracy: White = 67%, Black = 22%.} 1-0

[Event "Portugal Open 2019"]
[Site "Lisbon"]
[Date "2019.02.05"]
[Round "5.36"]
[White "Chylewski, Patryk"]
[Black "Thompson, Ian D"]
[Result "1/2-1/2"]
[WhiteElo "2304"]
[BlackElo "2122"]
[Annotator "RC"]
[PlyCount "92"]
[EventDate "2019.01.25"]
[EventType "swiss"]
[EventCountry "POR"]
[SourceTitle "playchess.com"]
[Source "ChessBase"]
[SourceQuality "1"]
[TimeControl "5400+30"]

1. e4 e6 2. d4 d5 3. Nd2 Nf6 4. e5 Nfd7 5. Bd3 c5 6. c3 Nc6 7. Ne2 cxd4 8. cxd4 f6 9. exf6 Qxf6 10. Nf3 h6 11. O-O Bd6 12. Be3 O-O 13. Rc1 Rf7 14. Bb5 Ndb8 15. Ng3 Bd7 16. Re1 Qd8 17. Qe2 Ne7 18. Bd2 {[%emt 1:10:04]} Nbc6 {[%emt 0:38:52]} 19. Bc3 {[%emt 0:00:09]} Rc8 {[%emt 0:10:09]} 20. Rcd1 {[%emt 0:01:43]} Ng6 {[%emt 0:02:39]} 21. Bd2 {[%emt 0:12:17]} Nh4 {[%emt 0:06:38]} 22. Nxh4 {[%emt 0:01:16]} Qxh4 {[%emt 0:00:03]} 23. Be3 {[%emt 0:00:44]} a6 {[%emt 0:05:06]} 24. Bxc6 {[%emt 0:03:55]} Rxc6 {[%emt 0:00:57]} 25. Rc1 {[%emt 0:02:36]} Rxc1 {[%emt 0:02:28]} 26. Rxc1 {[%emt 0:00:06]} e5 {[%emt 0:02:11]} 27. dxe5 {[%emt 0:03:21]} Bxe5 {[%emt 0:00:03]} 28. Bc5 {[%emt 0:01:38]} Qf6 {[%emt 0:08:41]} 29. b3 {[%emt 0:00:26]} Bc6 {[%emt 0:01:04]} 30. Nh5 {[%emt 0:02:52]} Qg5 {[%emt 0:02:14]} 31. Be3 {[%emt 0:01:20]} Qh4 {[%emt 0:03:52]} 32. Ng3 {[%emt 0:01:05]} d4 {[%emt 0:10:13]} 33. Bd2 {[%emt 0:00:15]} Qf6 {[%emt 0:02:10]} 34. f4 {[%emt 0:01:37]} Bc7 {[%emt 0:04:21]} 35. Re1 {[%emt 0:01:03]} Bb6 {[%emt 0:01:23]} 36. Kh1 {[%emt 0:00:32]} Qd8 {[%emt 0:00:35]} 37. Qe6 {[%emt 0:00:29]} Qd5 {[%emt 0:00:55]} 38. Qxd5 {[%emt 0:00:15]} Bxd5 {[%emt 0:00:01]} 39. Re5 {[%emt 0:00:54]} Bc6 {[%emt 0:00:22]} 40. Nf5 {[%emt 0:00:40]} Kh7 {[%emt 0:01:52]} 41. Ne7 {[%emt 0:00:37]} Bb5 {[%emt 0:00:02]} 42. Nd5 {[%emt 0:00:23]} Bc7 {[%emt 0:01:30]} 43. Nxc7 {[%emt 0:00:40]} Rxc7 {[%emt 0:00:02]} 44. Rd5 {[%emt 0:00:23]} Rc2 {[%emt 0:00:46]} 45. Rxd4 {[%emt 0:00:18]} Rxa2 {[%emt 0:00:04]} 46. Kg1 {[%emt 0:00:30]} Bc6 {[%emt 0:01:24]} 1/2-1/2

[Event "Portugal Open 2019"]
[Site "Lisbon"]
[Date "2019.02.05"]
[Round "5.37"]
[White "Fernandes, Alberto"]
[Black "Ilic, Zoran S"]
[Result "1/2-1/2"]
[WhiteElo "2072"]
[BlackElo "2302"]
[Annotator "RC"]
[PlyCount "101"]
[EventDate "2019.01.25"]
[EventType "swiss"]
[EventCountry "POR"]
[SourceTitle "playchess.com"]
[Source "ChessBase"]
[SourceQuality "1"]
[TimeControl "5400+30"]

1. b3 e5 2. Bb2 d6 3. e4 Nf6 4. Nc3 g6 5. Nf3 Bg7 6. Be2 c5 7. O-O O-O 8. d3 Nc6 9. Nd2 Nd4 10. Nc4 b5 11. Ne3 Bb7 12. Ncd5 Nd7 13. c3 Ne6 14. Bf3 Bc6 15. g3 a5 16. a3 Nb6 17. Bg2 Bxd5 18. Nxd5 Nxd5 19. exd5 Nc7 20. d4 exd4 21. cxd4 Na6 22. Qe2 cxd4 23. Qxb5 Qb8 24. Qxa5 Nc5 25. Qb4 Nxb3 26. Qxb8 Rfxb8 27. Rad1 Ra4 28. f4 Nc5 29. Rf2 d3 30. Bxg7 Kxg7 31. Ra2 Rb3 32. Rda1 Rc3 33. Bf3 d2 34. Kf2 Rc1 35. Bd1 Re4 36. a4 Re1 37. Rxd2 Rxa1 38. Kxe1 Nxa4 39. Kf2 Nc5 40. Bf3 f5 41. h3 Kf6 42. g4 h6 43. Re2 Ra4 44. Kg3 Ra3 45. Kg2 Rd3 46. Kf2 Rd4 47. Kg3 Ne4+ 48. Bxe4 fxe4 49. Kf2 g5 50. Ke3 Rxd5 51. Kxe4 {Ke5+} 1/2-1/2

[Event "Portugal Open 2019"]
[Site "Lisbon"]
[Date "2019.02.05"]
[Round "5.38"]
[White "Chinguun, Sumiya"]
[Black "Barbier, Wim"]
[Result "1-0"]
[WhiteElo "2286"]
[BlackElo "2086"]
[Annotator "TA"]
[PlyCount "51"]
[EventDate "2019.01.25"]
[EventType "swiss"]
[EventCountry "POR"]
[SourceTitle "playchess.com"]
[Source "ChessBase"]
[SourceQuality "1"]

{[%evp 16,51,31,32,32,27,32,28,41,31,26,22,14,25,23,18,30,0,128,140,153,72,77,75,104,102,92,108,233,225,255,270,257,264,233,230,219,197]} 1. e4 d6 2. d4 Nf6 3. Nc3 e5 4. Nf3 Nbd7 5. Bc4 Be7 6. O-O O-O 7. Re1 $146 ({Predecessor:} 7. a4 c6 {½-½ (67) Volokitin,A (2718)-Murariu,A (2526) Mamaia 2012}) 7... c6 8. a4 a5 9. h3 Nb6 {C41: Philidor Defence} 10. Ba2 Nfd7 11. Be3 exd4 {White has an edge.} 12. Bxd4 Nc5 13. Bxc5 dxc5 14. Qe2 Qd6 15. Qe3 Qg6 16. Ne2 Bd6 {[#]} (16... Bxh3 $2 17. Nf4 $18) (16... Nxa4 $11 17. Ne5 Qf6 18. Nxf7 c4 19. Bxc4 Bc5) ({Predecessor:} 16... Qf6 17. e5 {½-½ (67) Volokitin,A (2718)-Murariu,A (2526) Mamaia 2012}) 17. e5 $1 $16 Bc7 ({Don't blunder} 17... Bxh3 $2 18. Nf4 $18) 18. c3 ({Better is} 18. Qxc5 {Hoping for Nf4.} Nxa4 19. Qa3) 18... c4 ({Wrong is} 18... Bxh3 $2 19. Nf4 $18) 19. Bb1 $36 {[%mdl 2048] Keeping Black busy.} Nd5 20. Qd4 ({Of course not} 20. Bxg6 $6 Nxe3 21. Be4 Bf5 $14) 20... Qh6 21. Qxc4 f6 {[#]} (21... Bb6 $16) 22. Be4 $1 $18 {[%cal Re4d5]} Be6 23. Ned4 fxe5 24. Nxe6 Qxe6 {[#]} 25. Bxh7+ $1 {[%mdl 512]} Kh8 {Threatens to win with ...Rxf3.} (25... Kxh7 26. Ng5+) 26. Bc2 {Accuracy: White = 69%, Black = 62%.} 1-0